Legendarni piłkarze FC Barcelony - Statystyki

Ogólne statystyki
  • Ten quiz został rozwiązany 70 razy
  • Średni wynik to 25 z 100
Statystyki odpowiedzi
KRAJ PIŁKARZ % Poprawnych
Argentyna Lionel Messi
100%
Hiszpania | Urugwaj Luis Suarez
85%
Brazylia Neymar
81%
Polska Robert Lewandowski
81%
Hiszpania Andres Iniesta
80%
Hiszpania Xavi
80%
Niemcy Marc-Andre ter Stegen
78%
Brazylia Ronaldinho
76%
Hiszpania Carles Puyol
73%
Hiszpania Victor Valdes
63%
Hiszpania Gerard Pique
61%
Hiszpania Jordi Alba
61%
Hiszpania Sergio Busquets
61%
Brazylia Dani Alves
56%
Hiszpania Pedri
56%
Holandia Frankie de Jong
54%
Hiszpania Gavi
51%
Kamerun Samuel Eto'o
51%
Holandia Johan Cruyff
49%
Portugalia Luis Figo
49%
Chorwacja Ivan Rakitic
47%
Argentyna Javier Mascherano
46%
Brazylia Rivaldo
44%
Francja Jules Kounde
42%
Brazylia Raphinha
42%
Urugwaj Ronald Araujo
41%
Hiszpnia Pedro
37%
Hiszpania Antonio Torres
36%
Hiszpania Ferran Torres
36%
Bułgaria Hristo Stoichkov
36%
Francja Eric Abidal
34%
Holandia Ronald Koeman
34%
Hiszpania Pep Guardiola
32%
Hiszpania Sergi Roberto
31%
Hiszpania Cesc Fabregas
29%
Portugalia Deco
29%
Dania Michael Laudrup
27%
Holandia Patrick Kluivert
27%
Hiszpania Tente Sanchez
25%
Hiszpania Antonio Olmo
24%
Meksyk Rafa Marquez
24%
Holandia Frank de Boer
22%
Hiszpania Luis Enrique
22%
Francja Ousmane Dembele
22%
Argentyna Javier Saviola
19%
Mali Seydou Keita
17%
Francja Clement Lenglet
15%
Hiszpania Bojan Krkic
14%
Hiszpania Cesar Rodriguez
14%
Holandia Giovanni van Bronckhorst
14%
Węgry Laszlo Kubala
14%
Hiszpania Marcos Alonso
14%
Hiszpania Robert Fernandez
14%
Hiszpania Andoni Zubizarreta
12%
Holandia Phillip Cocu
12%
Włochy Thiago Motta
12%
Niemcy Bernd Schuster
10%
Brazylia Adriano
8%
Hiszpania Carles Rexach
8%
Holandia Michael Reiziger
8%
Hiszpania Gabri
7%
Hiszpania Jose Mari Bakero
7%
Hiszpania Pepito Ramos
7%
Holandia Ruud Hesp
7%
Hiszpania Sergi Barjuan
7%
Hiszpania Eusebio
5%
Holandia Johan Neeskens
5%
Hiszpania Julio Alberto
5%
Hiszpania Oleguer
5%
Hiszpania Victor Munoz
5%
Hiszpania Abelardo
3%
Hiszpania Albert Ferrer
3%
Hiszpania Gallego
3%
Hiszpnia Guillermo Amor
3%
Hiszpania Jon Andoni Goikoetxea
3%
Hiszpnia Jose Ramon Alexanko
3%
Hiszpania Julio Salinas
3%
Hiszpania Lobo Carrasco
3%
Hiszpania Miguel Angel Nadal
3%
Hiszpania Sigfrid Gracia
3%
Hiszpania Antoni Ramallets
2%
Hiszpania Estanislao Basora
2%
Hiszpania Esteban Vigo
2%
Hiszpania Ferran Olivella
2%
Hiszpania Joan Segarra
2%
Hiszpania Joaquim Rife
2%
Hiszpania Josep Fuste
2%
Hiszpania Josep Moratalla
2%
Hiszpania Juan Manuel Asensi
2%
Hiszpania Manolo
2%
Hiszpania Marti Verges
2%
Hiszpania Migueli
2%
Hiszpania Pello Artola
2%
Argentyna Rafael Zuviria
2%
Hiszpania Ramon Caldere
2%
Hiszpania Salvador Sadurni
2%
Hiszpania Tono de la Cruz
2%
Hiszpania Txiki Begiristain
2%
Hiszpania Eladio Silestre
0%
Nie znaleziono quizów pasujących do podanych kryteriów
Rozkład punktacji
Procent ludzi z każdym wynikiem
Percentyl według liczby udzielonych odpowiedzi
Twoja historia wyników
Nie rozwiązałeś tego quizu